Normal view
MARC view
- Jews
Entry Topical Term
001 - CONTROL NUMBER
- control field: 50612
003 - CONTROL NUMBER IDENTIFIER
- control field: NUST
005 - DATE AND TIME OF LATEST TRANSACTION
- control field: 20210314134709.0
008 - FIXED-LENGTH DATA ELEMENTS
- fixed length control field: 210314|| aca||aabn | a|a d
040 ## - CATALOGING SOURCE
- Original cataloging agency: NUST
- Transcribing agency: NUST
150 ## - HEADING--TOPICAL TERM
- Topical term or geographic name entry element: Jews
- General subdivision: Legal status, laws, etc
670 ## - SOURCE DATA FOUND
- Source citation: Work cat.: (NUST): Reed, Douglas, 49970, Disgrace abounding,, [1940]
